000 01221cam a22003977a 4500
003 CHAP
005 20220817044016.0
008 050401d2003 it rn 00110 spa d
010 _a89945
011 _a90917
020 _a9252048219
035 _a101474
040 _cCHAP
082 0 4 _a636.08947
_bF32f v. 15
110 2 _aFAO
245 1 0 _aPréparation des plans d'intervention contre la fiévre de la vallée du rift
_c/par William A. Geering, F. Glyn Davies et Vincent Martin
260 _aRome :
_bFAO,
_c2003.
300 _a73 p.
410 2 0 _aFAO
490 0 _aAnimal health manual
_v; 15
590 _aBATCH-UPD
_b10
_c20130110
_lUCH01
_h0405
590 _aBATCH-UPD
_b10
_c20130110
_lUCH01
_h1946
590 _aCONVERSION
_b10
_c20130109
_lUCH01
_h1350
650 1 4 _aBunyaviridae.
_916089
650 1 4 _aGanado
_xAfrica.
_944889
650 1 4 _aGanado
_xEnfermedades.
_944909
700 0 _aGeering, William A.
_947392
700 0 _aGlyn Davies, F.
_948340
700 0 _aMartin, Vicent.
_971651
810 0 _aFAO
830 0 0 _aAnimal health manual
_v; 15
_95851
901 _aBK
905 _aLilia
942 _cLIBRO
949 _a636.08947 F32f v.15
_bBC
_cFAO
_d33724000953931
_eFAO1
_h105415
_i101474
_sb
999 _c89945
_d89945